00253nam a2200097Ia 4500008004100000041000800041082001700049100001400066245003800080260003700118230627s9999 xx 000 0 und d amar a346.059bSHA aShah, K N aThe Bombay Public Trust Act, 1950 aPunebHind Law Publicationc2005